Logo BPK

Biblioteka

Politechniki Koszalińskiej

Wytyczne WHO dotyczące jakości wody do picia. (Rekord nr 33894)

Szczegóły MARC
000 -ETYKIETA REKORDU
podpole kontrolne o stałej długości 01592nam a2200433 i 4500
001 - NUMER KONTROLNY REKORDU
pole kontrolne 33894
003 - IDENTYFIKATOR NUMERU KONTROLNEGO REKORDU
podpole kontrolne KOSZ 005
005 - DATA OSTATNIEJ MODYFIKACJI REKORDU
podpole kontrolne 20230207124105.0
008 - POLE O STAŁEJ DŁUGOŚCI - DANE KONTROLNE
podpole kontrolne o stałej długości 981010s1998 pl f |000 0 pol d
020 ## - MIĘDZYNARODOWY ZNORMALIZOWANY NUMER KSIĄŻKI - ISBN
ISBN 839065914X
040 ## - ŹRÓDŁO KATALOGOWANIA
Instytucja, która utworzyła rekord 1998
041 0# - KOD JĘZYKA
Kod języka tekstu pol
080 ## - UNIWERSALNA KLASYFIKACJA DZIESIĘTNA - UKD
UKD 628.1
080 ## - UNIWERSALNA KLASYFIKACJA DZIESIĘTNA - UKD
UKD 628.35
080 ## - UNIWERSALNA KLASYFIKACJA DZIESIĘTNA - UKD
UKD 579.68
080 ## - UNIWERSALNA KLASYFIKACJA DZIESIĘTNA - UKD
UKD 006.83
245 00 - TYTUŁ/ODPOWIEDZIALNOŚĆ
Tytuł Wytyczne WHO dotyczące jakości wody do picia.
Oznaczenie części/sekcji dzieła T. 1,
Tytuł części/sekcji dzieła Zalecenia / redakcja polskiego wydania Halina Kłoss-Trębaczkiewicz, Elżbieta Osuch-Pajdzińska, Marek Roman ;[tł. na jęz. pol. Maciej Chwaliński, Tomasz Chwaliński].
250 ## - STREFA WYDANIA
Oznaczenie wydania Wyd. 2.
260 ## - STREFA ADRESU WYDAWNICZEGO
Miejsce wydania Warszawa :
Nazwa wydawcy/dystrybutora Polskie Zrzeszenie Inżynierów i Techników Sanitarnych,
Data publikacji, dystrybucji/powstania dokumentu 1998.
300 ## - STREFA OPISU FIZYCZNEGO
Objętość 235 s. ;
Rozmiary 24 cm.
380 ## - FORMA I TYP PUBLIKACJI
Forma i typ publikacji Książki
388 ## - CZAS POWSTANIA
Czas powstania 1901-2000
388 ## - CZAS POWSTANIA
Czas powstania 1989-2000
504 ## - UWAGA DOTYCZĄCA BIBLIOGRAFII
Informacje o bibliografii Bibliogr. s.181-186.
650 #7 - HASŁO PRZEDMIOTOWE W FORMIE NAZWY OGÓLNEJ LUB JEDNOSTKOWEJ
Nazwa ogólna lub geograficzna Jakość wody
650 #7 - HASŁO PRZEDMIOTOWE W FORMIE NAZWY OGÓLNEJ LUB JEDNOSTKOWEJ
Nazwa ogólna lub geograficzna Kontrola jakości
650 #7 - HASŁO PRZEDMIOTOWE W FORMIE NAZWY OGÓLNEJ LUB JEDNOSTKOWEJ
Nazwa ogólna lub geograficzna Uzdatnianie wody
650 #7 - HASŁO PRZEDMIOTOWE W FORMIE NAZWY OGÓLNEJ LUB JEDNOSTKOWEJ
Nazwa ogólna lub geograficzna Wody podziemne
655 #7 - TERMIN INDEKSOWY - OKREŚLENIE RODZAJU/FORMY DOKUMENTU
Określenie rodzaju/formy dokumentu Wytyczne
658 ## - TERMIN INDEKSOWY - PRZEDMIOT PROGRAMU NAUCZANIA
Główny przedmiot programu nauczania Inżynieria i technika
700 10 - HASŁO DODATKOWE - NAZWA OSOBOWA
Nazwa osobowa Kłoss-Trębaczkiewicz, Halina
Określenie związku między hasłem a opisywanym materiałem Redakcja
700 10 - HASŁO DODATKOWE - NAZWA OSOBOWA
Nazwa osobowa Osuch-Pajdzińska, Elżbieta
Określenie związku między hasłem a opisywanym materiałem Redakcja
700 10 - HASŁO DODATKOWE - NAZWA OSOBOWA
Nazwa osobowa Chwaliński, Maciej
Określenie związku między hasłem a opisywanym materiałem Tłumaczenie
700 10 - HASŁO DODATKOWE - NAZWA OSOBOWA
Nazwa osobowa Chwaliński, Tomasz
Określenie związku między hasłem a opisywanym materiałem Tłumaczenie
710 ## - HASŁO DODATKOWE - NAZWA CIAŁA ZBIOROWEGO
Nazwa ciała zbiorowego lub jednostki geograficznej Polskie Zrzeszenie Inżynierów i Techników Sanitarnych
700 10 - HASŁO DODATKOWE - NAZWA OSOBOWA
Nazwa osobowa Roman, Marek
Daty związane z nazwą (1931-2003)
Określenie związku między hasłem a opisywanym materiałem Redakcja
856 ## - LOKALIZACJA I DOSTĘP DO ELEKTRONICZNYCH DOKUMENTÓW ZDALNYCH
Link (URL) http://koha.tu.koszalin.pl/cgi-bin/koha/opac-detail.pl?biblionumber=33894
Tekst linku Katalog online BPK
942 ## - DODATKOWE ELEMENTY (KOHA)
Typ dokumentu Książka
Schemat klasyfikacji Uniwersalna Klasyfikacja Dziesiętna
Egzemplarze
Wycofany Status egzemplarza Uszkodzony Dostępność Lokalizacja stała Lokalizacja bieżąca Miejsce przechowywania Sygnatura Kod kreskowy Typ dokumentu Dział Ostatnio wypożyczono
      Dostępny Biblioteka Politechniki Koszalińskiej Biblioteka Politechniki Koszalińskiej Wypożyczalnia BG 45612 01364866 Książka    
      Tylko na miejscu Biblioteka Politechniki Koszalińskiej Biblioteka Politechniki Koszalińskiej Czytelnia BG 46158 01388732 Książka 628.1/.3 Wodociągi. Kanalizacja. Ścieki  
      Dostępny Biblioteka Politechniki Koszalińskiej Biblioteka Politechniki Koszalińskiej Wypożyczalnia BG 46159 01388725 Książka   15.11.2019
      Dostępny Biblioteka Politechniki Koszalińskiej Biblioteka Politechniki Koszalińskiej Wypożyczalnia BG 46160 01388718 Książka   22.02.2021
      Dostępny Biblioteka Politechniki Koszalińskiej Biblioteka Politechniki Koszalińskiej Wypożyczalnia BG 51671 01464962 Książka   24.10.2014
      Dostępny Biblioteka Politechniki Koszalińskiej Biblioteka Politechniki Koszalińskiej Wypożyczalnia BG 51672 01464955 Książka    
      Dostępny Biblioteka Politechniki Koszalińskiej Biblioteka Politechniki Koszalińskiej Wypożyczalnia BG 51673 01464948 Książka    
      Dostępny Biblioteka Politechniki Koszalińskiej Biblioteka Politechniki Koszalińskiej Wypożyczalnia BG 51674 01464931 Książka    
      Tylko na miejscu Czytelnia Wydziału Elektroniki i Informatyki, Wydziału Architektury i Wzornictwa, Wydziału Inżynierii Mechanicznej i Energetyki oraz Wydziału Inżynierii Lądowej, Środowiska i Geodezji Czytelnia Wydziału Elektroniki i Informatyki, Wydziału Architektury i Wzornictwa, Wydziału Inżynierii Mechanicznej i Energetyki oraz Wydziału Inżynierii Lądowej, Środowiska i Geodezji Czytelnia Wydziałowa ul. Śniadeckich 2 51670 01464979 Książka 628.1/.2 Woda. Wodociągi. Kanalizacja  
© 2023 Biblioteka Politechniki Koszalińskiej :: KOHA